Μια στιγμή στον παράδεισο : μυθιστόρημα

Αποθηκεύτηκε σε:
Λεπτομέρειες βιβλιογραφικής εγγραφής
Κύριος συγγραφέας: Μεγάλου-Σεφεριάδη, Λία 1945-
Μορφή: Βιβλίο
Γλώσσα:Greek
Δημοσίευση: Αθήνα : Καστανιώτης, c1999
Έκδοση:2η έκδ.
Θέματα:
Ετικέτες: Προσθήκη ετικέτας
Δεν υπάρχουν, Καταχωρήστε ετικέτα πρώτοι!

MARC

LEADER 00000nam a2200000 i 4500
001 1/98205
008 000118s1999 gre d
020 |a 960-03-2476-X 
035 |l 10056429 
040 |a GR-MY-UA  |b gre  |e aacr 
041 0 |a gre 
082 0 |a 889.3 
100 1 |a Μεγάλου-Σεφεριάδη, Λία  |d 1945- 
245 1 0 |a Μια στιγμή στον παράδεισο :  |b μυθιστόρημα /  |c Λία Μεγάλου-Σεφεριάδου 
250 |a 2η έκδ. 
260 |a Αθήνα :   |b Καστανιώτης,   |c c1999 
300 |a 298 σ. 
650 0 0 |a Greek fiction, Modern. 
650 0 0 |a Greek literature, Modern. 
852 |a INST  |b CHIOS  |e 20000118  |h 889.3 ΜΕΓ  |p 005200019157  |q 005200019157  |t BK  |y 0 
852 |a INST  |b LESVOS  |e 20000118  |h 889.37 ΜΕΓ  |p 005100022170  |q 005100022170  |t BK  |y 0 
901 |a BIBL2-2000-1 
909 |a Χ  |b 071789 
909 |a Λ  |b 071768 
922 |a 2ΕΛΗ  |b 199912  |c ΒΙΒΛΙΟΘΗΚΗ  |d ΠΑΠΑΣΩΤΗΡΙΟΥ 
922 |a 1ΕΛΗ  |b 199912  |c ΤΑΚ/ΚΥΒ  |d ΠΑΠΑΣΩΤΗΡΙΟΥ 
970 |a ΣΑΛΑΜΟΥΡΑ  |b ΜΑΡΙΑ  |z 2000/01/18